|
|
|
|
| LEADER |
00000naa2a2200000 4500 |
| 001 |
633288 |
| 005 |
20231102024643.0 |
| 035 |
|
|
|a (RuTPU)RU\TPU\conf\35036
|
| 035 |
|
|
|a RU\TPU\conf\35006
|
| 090 |
|
|
|a 633288
|
| 100 |
|
|
|a 20210708d2021 k y0rusy50 ca
|
| 101 |
0 |
|
|a rus
|
| 102 |
|
|
|a RU
|
| 105 |
|
|
|a y z 101zy
|
| 135 |
|
|
|a drcn ---uucaa
|
| 181 |
|
0 |
|a i
|
| 182 |
|
0 |
|a b
|
| 200 |
1 |
|
|a Реализация автоматизированной информационной платформы интернета вещей - "Micran IoT"
|f В. А. Рачис
|
| 203 |
|
|
|a Текст
|c электронный
|
| 225 |
1 |
|
|a Автоматизация технологических процессов и производств
|
| 230 |
|
|
|a 1 компьютерный файл (pdf; 603 Кb)
|
| 300 |
|
|
|a Заглавие с титульного экрана
|
| 320 |
|
|
|a [Библиогр.: с. 484 (1 назв.)]
|
| 463 |
|
0 |
|0 (RuTPU)RU\TPU\conf\34857
|t Молодежь и современные информационные технологии
|o сборник трудов XVIII Международной научно-практической конференции студентов, аспирантов и молодых учёных, 22-26 марта 2021 г., г. Томск
|f Национальный исследовательский Томский политехнический университет, Инженерная школа информационных технологий и робототехники ; под ред. Н. Г. Маркова [и др.]
|v [С. 483-484]
|d 2021
|
| 610 |
1 |
|
|a электронный ресурс
|
| 610 |
1 |
|
|a труды учёных ТПУ
|
| 610 |
1 |
|
|a Интернет
|
| 610 |
1 |
|
|a интернет вещей
|
| 610 |
1 |
|
|a приложения
|
| 610 |
1 |
|
|a визуализация
|
| 610 |
1 |
|
|a сбор данных
|
| 610 |
1 |
|
|a обмен данными
|
| 610 |
1 |
|
|a компьютерные сети
|
| 700 |
|
1 |
|a Рачис
|b В. А.
|
| 712 |
0 |
2 |
|a Национальный исследовательский Томский политехнический университет
|c (2009- )
|2 stltpush
|3 (RuTPU)RU\TPU\col\15902
|9 26305
|
| 801 |
|
2 |
|a RU
|b 63413507
|c 20210809
|g RCR
|
| 856 |
4 |
|
|u http://earchive.tpu.ru/handle/11683/67985
|
| 942 |
|
|
|c BK
|